000 01301nam a2200241 a 4500
008 120416s1998 ||||||||||||||||| || u
020 _a9982070762
050 _aHB 615 Ron
100 _aRonan, Nessan J
245 1 0 _aEntrepreneurship: information, reflection, and action
260 _aKitwe
_bCopperbelt University
_c1998
300 _a112p. ;ill.
350 _a0.00
650 _aENTREPRENEURSHIP--INFORMATION
650 0 _aBUSINESS
650 _aENTREPRENEURSHIP--ACTION
650 _aENTREPRENEURSHIP--REFLECTION
995 _aMAIN LIBRARY OPEN ACCESS
_D0.00
_e729644
_FCBU-MAIN LIBRARY (Kitwe)
_H1
_I6.00
_jHB 615 Ron
_M1
_UAVAILABLE
_y021897
_ZMain Library Open Access Collection
995 _aSPECIAL COLLECTIONS
_D0.00
_e9013182
_FCBU-MAIN LIBRARY (Kitwe)
_H5
_I6.00
_jZAM HB 615 Ron
_UAVAILABLE
_y9013182
_ZZambiana Collection
995 _aBINDERY (DAMAGED)
_D0.00
_e729642
_FCBU-MAIN LIBRARY (Kitwe)
_H3
_I6.00
_jHB 615 Ron
_M3
_UDAMAGED
_y021899
_ZMain Library Open Access Collection
995 _aBINDERY (DAMAGED)
_D0.00
_e729643
_FCBU-MAIN LIBRARY (Kitwe)
_H2
_I6.00
_jHB 615 Ron
_M2
_UDAMAGED
_y021898
_ZMain Library Open Access Collection
995 _aMAIN LIBRARY OPEN ACCESS
_D0.00
_e729681
_FCBU-MAIN LIBRARY (Kitwe)
_H4
_I6.00
_jHB 615 Ron
_UAVAILABLE
_VJan 19, 2007
_y021870
_ZMain Library Open Access Collection
999 _c62709
_d62709